Soils and geomorphology
محفوظ في:
| المؤلف الرئيسي: | |
|---|---|
| التنسيق: | كتاب |
| اللغة: | Undetermined |
| منشور في: |
New York
Oxford University
1984
|
| الموضوعات: | |
| الوسوم: |
إضافة وسم
لا توجد وسوم, كن أول من يضع وسما على هذه التسجيلة!
|
| Thư viện lưu trữ: | Trung tâm Học liệu Trường Đại học Cần Thơ |
|---|
| LEADER | 00503nam a2200181Ia 4500 | ||
|---|---|---|---|
| 001 | CTU_28283 | ||
| 008 | 210402s9999 xx 000 0 und d | ||
| 082 | |a 551.305 | ||
| 082 | |b B619 | ||
| 100 | |a Peter W Birkeland | ||
| 245 | 0 | |a Soils and geomorphology | |
| 245 | 0 | |c Peter W Birkeland | |
| 260 | |a New York | ||
| 260 | |b Oxford University | ||
| 260 | |c 1984 | ||
| 650 | |a soil formation,soil science,weathering | ||
| 904 | |i Liên, 981118 | ||
| 980 | |a Trung tâm Học liệu Trường Đại học Cần Thơ | ||